Anar al contingut

Методика подготовки и проведения занятий по общевоенным и тактическим учебным дисциплинам в военном учебном центре учебно-методическое пособие

Изложены основные требования к подготовке квалифицированных кадров для Вооруженных сил РФ с учетом современных тенденций в развитии системы высшего образования. Даны методические рекомендации по подготовке и проведению основных видов учебных занятий, организации самостоятельной работы и контролю усп...

Descripció completa

Guardat en:
Dades bibliogràfiques
Autor principal: Олейников Е. П.
Format: Книга
Idioma:Russian
Publicat: Красноярск СибГУ им. академика М. Ф. Решетнёва 2023
Accés en línia:https://e.lanbook.com/book/400517
https://e.lanbook.com/img/cover/book/400517.jpg
Etiquetes: Afegir etiqueta
Sense etiquetes, Sigues el primer a etiquetar aquest registre!
LEADER 02392nam0a2200277 i 4500
001 400517
003 RuSpLAN
005 20240331214818.0
008 240331s2023 ru gs 000 0 rus
040 |a RuSpLAN 
041 0 |a rus 
044 |a ru 
080 |a 355.233(07) 
084 |a 74.580.22я73  |2 rubbk 
245 0 0 |a Методика подготовки и проведения занятий по общевоенным и тактическим учебным дисциплинам в военном учебном центре  |b учебно-методическое пособие  |c Олейников Е. П. 
260 |a Красноярск  |b СибГУ им. академика М. Ф. Решетнёва  |c 2023 
300 |a 76 с. 
500 |a Утверждено редакционно-издательским советом университета в качестве учебно-методического пособия для руководящего и профессорско-преподавательского состава военных учебных центров 
504 |a Библиогр.: доступна в карточке книги, на сайте ЭБС Лань 
520 8 |a Изложены основные требования к подготовке квалифицированных кадров для Вооруженных сил РФ с учетом современных тенденций в развитии системы высшего образования. Даны методические рекомендации по подготовке и проведению основных видов учебных занятий, организации самостоятельной работы и контролю успеваемости курсантов. Предназначено для руководящего и профессорско-преподавательского состава военных учебных центров при вузах. 
521 8 |a Книга из коллекции СибГУ им. академика М. Ф. Решетнёва - Военное дело 
521 8 |a СЭБ 
100 1 |a Олейников Е. П. 
856 4 |u https://e.lanbook.com/book/400517 
856 4 8 |u https://e.lanbook.com/img/cover/book/400517.jpg 
953 |a https://e.lanbook.com/img/cover/book/400517.jpg